Music Quiz

Random Music or Song Quiz

First And Last Top 10 Quiz Stats

 Plays Quiz Updated Apr 16, 2012

Challenge
Share
Tweet
Embed
Score 0/60 Timer 15:00
1 Play Today
Type Song % Correct
First Top 10Dream On
54.6%
First Top 10A Horse With No Name
48.8%
First Top 10Hungry Like The Wolf
42%
Last Top 10Candle In The Wind 1997
41.3%
First Top 10I Want To Hold Your Hand
34.3%
Last Top 10Kokomo
30.5%
First Top 10Your Song
27.7%
First Top 10Little Red Corvette
27.2%
Last Top 10Sexual Healing
26.5%
First Top 10You Really Got Me
22.2%
First Top 10Go Your Own Way
21.5%
First Top 10Surfin' U.S.A.
21.3%
Last Top 10Jaded
21%
Last Top 10The River Of Dreams
20.6%
First Top 10Somebody To Love
17.7%
First Top 10Borderline
17.6%
First Top 10Sara Smile
17.4%
Last Top 10Free As A Bird
15.8%
First Top 10Lady
14.6%
First Top 10I Shot The Sheriff
14.3%
Last Top 104 Minutes
13.7%
Last Top 10Come Dancing
13.4%
First Top 10Just The Way You Are
11.9%
Last Top 10Garden Party
11.2%
Last Top 10Change The World
10.4%
Last Top 10You Got It
10.2%
First Top 10Fingertips (Part 2)
10.1%
Last Top 10One
8.7%
First Top 10Only The Lonely
7.9%
Last Top 10Come Undone
7.9%
Type Song % Correct
First Top 10Jungle Boogie
7.7%
First Top 10Long Train Runnin'
7.6%
Last Top 10Little Lies
7.4%
Last Top 10You Rock My World
6.4%
First Top 10Love To Love You Baby
6.1%
First Top 10Go Now!
5.9%
Last Top 10Your Wildest Dreams
5.8%
First Top 10Cherry, Cherry
5.8%
Last Top 10You Can Do Magic
5.7%
Last Top 10The Most Beautiful Girl In The World
5%
Last Top 10Heartlight
5%
Last Top 10Mixed Emotions
5%
First Top 10Time Is On My Side
4.4%
First Top 10Shop Around
4.2%
Last Top 10Show Me The Way
4.1%
First Top 10Make Me Smile
4.1%
First Top 10Another Day
4%
Last Top 10Spies Like Us
3.5%
First Top 10Got To Be There
3.5%
Last Top 10The Doctor
3.3%
Last Top 10Love Machine
3.2%
Last Top 10This Time I Know It's For Real
3.1%
First Top 10Poor Little Fool
2.3%
Last Top 10Everything Your Heart Desires
2.2%
Last Top 10What Kind Of Man Would I Be
2%
First Top 10I've Gotta Get A Message To You
2%
Last Top 10Go Home
1.8%
First Top 10Pride And Joy
1.7%
Last Top 10It's Not Over (Til It's Over)
1.4%
Last Top 10Stone Love
1.4%

You're not logged in!

Compare scores with friends on all Sporcle quizzes.
Join for Free
OR
Log In

You Might Also Like...

Show Comments

Extras

Top Quizzes Today


Score Distribution

Your Account Isn't Verified!

In order to create a playlist on Sporcle, you need to verify the email address you used during registration. Go to your Sporcle Settings to finish the process.

Report this User

Report this user for behavior that violates our Community Guidelines.

Details: